书目信息 |
| 题名: |
兵器奇功
|
|
| 作者: | 殷浩 , 刘恩怀 编著 | |
| 分册: | ||
| 出版信息: | 北京 中国计划出版社 |
|
| 页数: | 162页 | |
| 开本: | 32开 | |
| 丛书名: | ||
| 单 册: | ||
| 中图分类: | E92 | |
| 科图分类: | ||
| 主题词: | 武器--军事技术 , 军用器材--军事技术 | |
| 电子资源: | ||
| ISBN: | 7-80058-983-8 | |
| 000 | 00598nam0 2200217 45 | |
| 001 | 0102140982 | |
| 005 | 20010214091057.3 | |
| 010 | @a7-80058-983-8@d6.90元 | |
| 100 | @a20010214d km y0chiy0120 ea | |
| 101 | 0 | @achi |
| 105 | @a z 000yy | |
| 200 | 1 | @a兵器奇功@ABing Qi Qi Gong@f殷浩,刘恩怀编著@FYin Hao,Liu En Huai Bian Zhu |
| 210 | @a北京@c中国计划出版社 | |
| 215 | @a162页@d32开 | |
| 606 | 0 | @a武器@x军事技术 |
| 606 | 0 | @a军用器材@x军事技术 |
| 690 | @aE92@v3 | |
| 701 | 0 | @a殷浩@4编著 |
| 701 | 0 | @a刘恩怀@4编著 |
| 801 | @aCN@bPftUser@c20010214 | |
| 905 | @b321697-701@dE92@eY.138@f5 | |
| 兵器奇功/殷浩,刘恩怀编著.-北京:中国计划出版社 |
| 162页;32开 |
| ISBN 7-80058-983-8:6.90元 |
| ● |
| 相关链接 |
|
|
|
正题名:兵器奇功
索取号:E92/Y.138
 
预约/预借
| 序号 | 登录号 | 条形码 | 馆藏地/架位号 | 状态 | 备注 |
| 1 | 321697 | 203216974 | 社科库509/509社科库 125排2列2层/ [索取号:E92/Y.138] | 在馆 | |
| 2 | 321698 | 203216983 | 社科库509/422社科库 43排2列3层/ [索取号:E92/Y.138] | 在馆 | |
| 3 | 321699 | 203216992 | 社科库509/422社科库 47排3列5层/ [索取号:E92/Y.138] | 在馆 | |
| 4 | 321700 | 203217009 | 社科库509/509社科库 125排2列2层/ [索取号:E92/Y.138] | 在馆 | |
| 5 | 321701 | 203217018 | 社科库509/509社科库 125排2列2层/ [索取号:E92/Y.138] | 在馆 |